Normal view
MARC view
Entry Personal Name
001 - CONTROL NUMBER
- control field: 9517
003 - CONTROL NUMBER IDENTIFIER
- control field: PK-LaUMT
005 - DATE AND TIME OF LATEST TRANSACTION
- control field: 20260226094103.0
008 - FIXED-LENGTH DATA ELEMENTS
- fixed length control field: 260226|| aca||aabn | a|a d
040 ## - CATALOGING SOURCE
- Original cataloging agency: PK-LaUMT
- Transcribing agency: PK-LaUMT
100 ## - HEADING--PERSONAL NAME
- Personal name: Yigitanlar, Tan
670 ## - SOURCE DATA FOUND
- Source citation: Work cat.: (PK-LaUMT)139911: Yigitanlar, Tan, Urban artificial intelligence :, 2025
